مصر في نصف قرن: (Record no. 14424)
[ view plain ]
| 000 -الفاتح | |
|---|---|
| حقل البيانات ثابتة الطول | 00893nam a22001817a 4500 |
| 008 - عناصر البيانات ثابتة الطول - معلومات عامة | |
| حقل البيانات ثابتة الطول | 100707s2001 ua|||||r|||| 000 0 ara d |
| 020 ## - الرقم الدولى المعيارى للكتب | |
| الرقم الدولى المعيارى للكتاب | 9770170887 |
| 082 ## - رقم تصنيف ديوى العشرى | |
| رقم الطبعة | 22 |
| رقم المادة | ف ر ا |
| رقم التصنيف | 301.20962 |
| 100 ## - المدخل الرئيسى - إسم شخصى | |
| 9 (RLIN) | 16016 |
| الإسم الشخصى | فراج، عبد الحميد |
| 245 ## - بيان العنوان | |
| العنوان | مصر في نصف قرن: |
| بقية العنوان | تأملات في السياسة والثقافة والفنون / |
| بيان المسئوليه,etc | بقلم عبد المجيد فراج |
| 260 ## - PUBLICATION, DISTRIBUTION, ETC. (IMPRINT) | |
| مكان الناشر او الموزع | القاهرة : |
| اسم الناشر او الموزع | الهيئة المصرية العامة للكتاب ، 2001 |
| تاريخ النشر أو التوزيع | 2001 |
| 300 ## - الوصف المادى | |
| التعداد | 413ص ؛ |
| أبعاد الوعاء | 23سم |
| 541 ## - تبصرة المصدر المباشر للتزويد | |
| مصدر التزويد | ؛ألف باء |
| طريقة التزويد | ؛شراء |
| 651 ## - المدخل الاضافى بالموضوع - اسم جغرافى | |
| 9 (RLIN) | 13710 |
| الاسم الجغرافي | مصر |
| التقسيم الفرعي العام | الأحوال الاجتماعية |
| 651 ## - المدخل الاضافى بالموضوع - اسم جغرافى | |
| 9 (RLIN) | 14757 |
| الاسم الجغرافي | مصر |
| التقسيم الفرعي العام | الأحوال الثقافية |
| 942 ## - عناصر المدخل الإضافي( كوها) | |
| مصدر التصنيف او مخطط الترفيف | Dewey Decimal Classification |
| Koha [default] item type | Book - Borrowing |
| حالة التراجع | حالة الفقد | مصدر التصنيف او خطة الترفيف | حالة تلف | ليس للاعارة | مجموعات كوها | المكان الدائم | المكان الحالي | موقع الترفيف | تاريخ الاكتساب | Source of acquisition | رقم الاستدعاء | الباركود | Date last seen | نوع الوعاء |
|---|---|---|---|---|---|---|---|---|---|---|---|---|---|---|
| Dewey Decimal Classification | Alef-Baa | Central Library | Central Library | First floor | 07/07/2010 | Purchase | 301.20962 ف ر ا | 000025013 | 15/07/2025 | Book - Borrowing |